[Event "RUS-chT Men Rapid 2019"]
[Site "Sochi"]
[Date "2019.10.19"]
[Round "7.14"]
[White "Lugovskoy, Maxim"]
[Black "Goltsev, Dmitry"]
[Result "1-0"]
[WhiteElo "2436"]
[BlackElo "2309"]
[Annotator "NA"]
[PlyCount "95"]
[EventDate "2019.10.18"]
[EventType "swiss"]
[EventCountry "RUS"]
[SourceTitle "playchess.com"]
[Source "ChessBase"]
[SourceQuality "1"]
[TimeControl "900+10"]

1. e4 {[%emt 0:00:00]} c5 {[%emt 0:00:00]} 2. Nf3 {[%emt 0:00:01]} e6 {[%emt 0:00:00]} 3. c3 {[%emt 0:00:01]} Nc6 {[%emt 0:00:00]} 4. d4 {[%emt 0:00:18]} cxd4 {[%emt 0:00:00]} 5. cxd4 {[%emt 0:00:01]} d5 {[%emt 0:00:00]} 6. exd5 {[%emt 0:00:02]} exd5 {[%emt 0:00:00]} 7. Nc3 {[%emt 0:00:19]} Nf6 {[%emt 0:00:01]} 8. Bg5 {[%emt 0:00:04]} Bb4 {[%emt 0:00:30]} 9. Be2 {[%emt 0:00:16]} h6 {[%emt 0:00:16]} 10. Bh4 {[%emt 0:00:01]} O-O {[%emt 0:00:13]} 11. O-O {[%emt 0:00:02]} Be6 {[%emt 0:00:19]} 12. Ne5 {[%emt 0:00:04]} Be7 {[%emt 0:03:12]} 13. f4 {[%emt 0:00:22]} Qb6 {[%emt 0:00:55]} 14. f5 {[%emt 0:00:49]} Bxf5 {[%emt 0:08:09]} 15. Nxc6 {[%emt 0:00:19]} bxc6 {[%emt 0:00:18]} 16. Rxf5 {[%emt 0:00:02]} Qxb2 {[%emt 0:00:01]} 17. Qc1 {[%emt 0:00:31]} Ba3 {[%emt 0:00:15]} 18. Qe1 {[%emt 0:00:32]} Bb4 {[%emt 0:00:10]} 19. Rb1 {[%emt 0:01:07]} Qxc3 {[%emt 0:01:29]} 20. Rxb4 {[%emt 0:00:04]} Ne4 {[%emt 0:01:20]} 21. Qxc3 {[%emt 0:00:46]} Nxc3 {[%emt 0:00:02]} 22. Bf1 {[%emt 0:00:08]} Rfb8 {[%emt 0:00:34]} 23. a3 {[%emt 0:00:10]} Rxb4 {[%emt 0:00:47]} 24. axb4 {[%emt 0:00:01]} Rb8 {[%emt 0:00:02]} 25. Re5 {[%emt 0:00:19]} Rxb4 {[%emt 0:00:13]} 26. Re8+ {[%emt 0:00:03]} Kh7 {[%emt 0:00:01]} 27. Bd3+ {[%emt 0:00:00]} Ne4 {[%emt 0:00:01]} 28. Bxe4+ {[%emt 0:00:13]} dxe4 {[%emt 0:00:02]} 29. Rxe4 {[%emt 0:00:02]} c5 {[%emt 0:00:34]} 30. Be7 {[%emt 0:00:21]} Rb1+ {[%emt 0:00:20]} 31. Kf2 {[%emt 0:00:01]} Rb2+ {[%emt 0:00:02]} 32. Re2 {[%emt 0:00:02]} Rxe2+ {[%emt 0:00:03]} 33. Kxe2 {[%emt 0:00:01]} cxd4 {[%emt 0:00:02]} 34. Bd8 {[%emt 0:00:14]} Kg6 {[%emt 0:00:05]} 35. Kd3 {[%emt 0:00:01]} Kf5 {[%emt 0:00:02]} 36. Kxd4 {[%emt 0:00:01]} g5 {[%emt 0:00:12]} 37. Bc7 {[%emt 0:00:06]} Ke6 {[%emt 0:00:08]} 38. Ke4 {[%emt 0:00:25]} f5+ {[%emt 0:00:15]} 39. Kd4 {[%emt 0:00:00]} f4 {[%emt 0:00:11]} 40. Ke4 {[%emt 0:00:02]} Kf6 {[%emt 0:00:03]} 41. Be5+ {[%emt 0:00:15]} Ke6 {[%emt 0:00:20]} 42. Bg7 {[%emt 0:00:07]} h5 {[%emt 0:00:02]} 43. Bc3 {[%emt 0:00:02]} a6 {[%emt 0:00:15]} 44. h4 {[%emt 0:00:13]} gxh4 {[%emt 0:00:33]} 45. Kxf4 {[%emt 0:00:01]} Kd5 {[%emt 0:00:01]} 46. Kg5 {[%emt 0:00:07]} Ke4 {[%emt 0:00:19]} 47. Kxh4 {[%emt 0:00:03]} Kf4 {[%emt 0:00:05]} 48. Bd2+ {[%emt 0:00:04]} 1-0

[Event "RUS-chT Men Rapid 2019"]
[Site "Sochi"]
[Date "2019.10.19"]
[Round "7.15"]
[White "Kulik, Artur"]
[Black "Vastrukhin, Oleg"]
[Result "0-1"]
[WhiteElo "2014"]
[BlackElo "2428"]
[Annotator "NA RC"]
[PlyCount "94"]
[EventDate "2019.10.18"]
[EventType "swiss"]
[EventCountry "RUS"]
[SourceTitle "playchess.com"]
[Source "ChessBase"]
[SourceQuality "1"]
[TimeControl "900+10"]

1. d4 {[%emt 0:00:00]} g6 {[%emt 0:00:00]} 2. c4 {[%emt 0:00:00]} Bg7 {[%emt 0:00:00]} 3. Nf3 {[%emt 0:00:01]} d6 {[%emt 0:00:00]} 4. Nc3 {[%emt 0:00:09]} e5 {[%emt 0:00:00]} 5. dxe5 {[%emt 0:00:20]} dxe5 {[%emt 0:00:00]} 6. Qxd8+ {[%emt 0:00:04]} Kxd8 {[%emt 0:00:00]} 7. e4 {[%emt 0:00:14]} c6 {[%emt 0:00:06]} 8. Be3 {[%emt 0:00:10]} f6 {[%emt 0:00:31]} 9. O-O-O+ {[%emt 0:00:10]} Kc7 {[%emt 0:00:22]} 10. Bc5 {[%emt 0:00:54]} Be6 {[%emt 0:00:08]} 11. Bd6+ {[%emt 0:03:06]} Kc8 {[%emt 0:00:01]} 12. c5 {[%emt 0:01:17]} Nh6 {[%emt 0:00:08]} 13. h3 {[%emt 0:01:33]} Nf7 {[%emt 0:00:14]} 14. Bxb8 {[%emt 0:01:31]} Rxb8 {[%emt 0:00:12]} 15. Nd2 {[%emt 0:00:20]} Bh6 {[%emt 0:00:47]} 16. Kc2 {[%emt 0:00:43]} Kc7 {[%emt 0:00:22]} 17. Bc4 {[%emt 0:00:44]} Nd8 {[%emt 0:01:25]} 18. b4 {[%emt 0:01:35]} Bxd2 {[%emt 0:01:05]} 19. Bxe6 {[%emt 0:00:01]} Nxe6 {[%emt 0:00:34]} 20. Kxd2 {[%emt 0:01:29]} Rhd8+ {[%emt 0:00:02]} 21. Ke3 {[%emt 0:00:29]} Rd4 {[%emt 0:00:03]} 22. a3 {[%emt 0:00:47]} Rbd8 {[%emt 0:00:09]} 23. g3 {[%emt 0:00:25]} a5 {[%emt 0:00:10]} 24. bxa5 {[%emt 0:01:15]} Nxc5 {[%emt 0:00:30]} 25. Rc1 {[%emt 0:01:38]} Rc4 {[%emt 0:00:06]} 26. Ke2 {[%emt 0:00:13]} Nb3 {[%emt 0:00:23]} 27. Rb1 {[%emt 0:00:10]} Rxc3 {[%emt 0:00:03]} 28. a4 {[%emt 0:00:01]} Rd2+ {[%emt 0:00:12]} 29. Kf1 {[%emt 0:00:01]} Nxa5 {[%emt 0:00:14]} 30. Kg2 {[%emt 0:00:03]} Nc4 {[%emt 0:00:05]} 31. Rh2 {[%emt 0:00:23]} Rcc2 {[%emt 0:00:04]} 32. Kg1 {[%emt 0:00:08]} Re2 {[%emt 0:00:05]} 33. Kf1 {[%emt 0:00:20]} Rxe4 {[%emt 0:00:04]} 34. Ra1 {[%emt 0:00:06]} Nd2+ {[%emt 0:00:09]} 35. Kg2 {[%emt 0:00:02]} Re2 {[%emt 0:00:05]} 36. h4 {[%emt 0:00:22]} h5 {[%emt 0:00:04]} 37. Ra3 {[%emt 0:00:05]} f5 {[%emt 0:00:06]} 38. Rh1 {[%emt 0:00:15]} Ne4 {[%emt 0:00:03]} 39. Rf1 {[%emt 0:00:08]} Rxf2+ {[%emt 0:00:02]} 40. Rxf2 {[%emt 0:00:02]} Rxf2+ {[%emt 0:00:02]} 41. Kg1 {[%emt 0:00:01]} Rd2 {[%emt 0:00:03]} 42. Re3 {[%emt 0:00:05]} c5 {[%emt 0:00:01]} 43. g4 {[%emt 0:00:05]} hxg4 {[%emt 0:00:02]} 44. h5 {[%emt 0:00:01]} gxh5 {[%emt 0:00:02]} 45. a5 {[%emt 0:00:01]} c4 {[%emt 0:00:01]} 46. a6 {[%emt 0:00:01]} bxa6 {[%emt 0:00:19]} 47. Kf1 {[%emt 0:00:10]} c3 {[%emt 0:00:02]} 0-1

[Event "RUS-chT Men Rapid 2019"]
[Site "Sochi"]
[Date "2019.10.19"]
[Round "7.16"]
[White "Utnasunov, Alexander"]
[Black "Kolchin, Maxim"]
[Result "1-0"]
[WhiteElo "2442"]
[BlackElo "2077"]
[Annotator "NA"]
[PlyCount "98"]
[EventDate "2019.10.18"]
[EventType "swiss"]
[EventCountry "RUS"]
[SourceTitle "playchess.com"]
[Source "ChessBase"]
[SourceQuality "1"]
[TimeControl "900+10"]

1. d4 {[%emt 0:00:00]} Nf6 {[%emt 0:00:00]} 2. c4 {[%emt 0:00:00]} c5 {[%emt 0:00:00]} 3. d5 {[%emt 0:00:00]} b5 {[%emt 0:00:00]} 4. Nf3 {[%emt 0:00:00]} g6 {[%emt 0:00:00]} 5. cxb5 {[%emt 0:00:02]} a6 {[%emt 0:00:00]} 6. b6 {[%emt 0:00:02]} d6 {[%emt 0:00:09]} 7. Nc3 {[%emt 0:00:02]} Bg7 {[%emt 0:00:03]} 8. a4 {[%emt 0:00:39]} Qxb6 {[%emt 0:00:03]} 9. a5 {[%emt 0:00:01]} Qc7 {[%emt 0:00:12]} 10. Nd2 {[%emt 0:00:03]} Bb7 {[%emt 0:00:07]} 11. e4 {[%emt 0:00:06]} Nbd7 {[%emt 0:00:03]} 12. Nc4 {[%emt 0:00:25]} O-O {[%emt 0:00:24]} 13. Be2 {[%emt 0:00:02]} Ne8 {[%emt 0:00:06]} 14. Bf4 {[%emt 0:00:05]} f5 {[%emt 0:00:14]} 15. Qd2 {[%emt 0:02:37]} fxe4 {[%emt 0:01:14]} 16. Nxe4 {[%emt 0:00:48]} Ndf6 {[%emt 0:00:02]} 17. Nc3 {[%emt 0:02:08]} Ra7 {[%emt 0:02:48]} 18. O-O {[%emt 0:00:15]} Qd7 {[%emt 0:00:42]} 19. Ne3 {[%emt 0:03:45]} h6 {[%emt 0:00:41]} 20. Bg3 {[%emt 0:01:13]} Nc7 {[%emt 0:01:59]} 21. Qc2 {[%emt 0:01:25]} Kh7 {[%emt 0:02:14]} 22. h4 {[%emt 0:00:23]} Nfxd5 {[%emt 0:01:32]} 23. h5 {[%emt 0:00:33]} Qe6 {[%emt 0:01:18]} 24. hxg6+ {[%emt 0:00:39]} Kh8 {[%emt 0:00:03]} 25. Nexd5 {[%emt 0:00:05]} Nxd5 {[%emt 0:00:12]} 26. Bc4 {[%emt 0:00:43]} Nb4 {[%emt 0:00:38]} 27. Bxe6 {[%emt 0:00:15]} Nxc2 {[%emt 0:00:03]} 28. Rad1 {[%emt 0:00:02]} Nd4 {[%emt 0:00:02]} 29. Bf7 {[%emt 0:00:01]} Nf5 {[%emt 0:01:24]} 30. Bf4 {[%emt 0:00:47]} Bd4 {[%emt 0:01:51]} 31. Rfe1 {[%emt 0:00:29]} e5 {[%emt 0:00:16]} 32. Bc1 {[%emt 0:00:14]} Kg7 {[%emt 0:00:22]} 33. Ne4 {[%emt 0:00:10]} d5 {[%emt 0:00:34]} 34. Rxd4 {[%emt 0:01:19]} cxd4 {[%emt 0:00:56]} 35. Nc5 {[%emt 0:00:00]} Bc8 {[%emt 0:00:15]} 36. Rxe5 {[%emt 0:00:05]} Rc7 {[%emt 0:00:12]} 37. b4 {[%emt 0:00:06]} Nd6 {[%emt 0:00:14]} 38. Bxd5 {[%emt 0:00:32]} Kxg6 {[%emt 0:00:04]} 39. Bf3 {[%emt 0:00:07]} Nc4 {[%emt 0:00:18]} 40. Rd5 {[%emt 0:00:30]} Bb7 {[%emt 0:00:14]} 41. Bh5+ {[%emt 0:00:14]} Kh7 {[%emt 0:00:04]} 42. Rxd4 {[%emt 0:00:03]} Nxa5 {[%emt 0:00:05]} 43. Bf4 {[%emt 0:00:36]} Rg7 {[%emt 0:00:19]} 44. bxa5 {[%emt 0:00:07]} Rxg2+ {[%emt 0:00:04]} 45. Kf1 {[%emt 0:00:01]} Ba8 {[%emt 0:00:09]} 46. Rd7+ {[%emt 0:00:03]} Kg8 {[%emt 0:00:04]} 47. Be3 {[%emt 0:00:07]} Rh2 {[%emt 0:00:07]} 48. Bg4 {[%emt 0:00:01]} Rh1+ {[%emt 0:00:26]} 49. Ke2 {[%emt 0:00:01]} Re8 {[%emt 0:00:23]} 1-0

[Event "RUS-chT Men Rapid 2019"]
[Site "Sochi"]
[Date "2019.10.19"]
[Round "7.17"]
[White "Nozdrachev, Vladislav"]
[Black "Zakhartsov, Vladimir"]
[Result "1-0"]
[WhiteElo "2494"]
[BlackElo "2514"]
[Annotator "ChessBase"]
[PlyCount "77"]
[EventDate "2019.10.18"]
[EventType "swiss"]
[EventCountry "RUS"]
[SourceTitle "playchess.com"]
[Source "ChessBase"]
[SourceQuality "1"]
[TimeControl "900+10"]

1. e4 {[%emt 0:00:00]} c5 {[%emt 0:00:00]} 2. Nf3 {[%emt 0:00:00]} d6 {[%emt 0:00:00]} 3. d4 {[%emt 0:00:00]} Nf6 {[%emt 0:00:00]} 4. Nc3 {[%emt 0:00:00]} cxd4 {[%emt 0:00:00]} 5. Nxd4 {[%emt 0:00:00]} a6 {[%emt 0:00:00]} 6. h3 {[%emt 0:00:00]} e5 {[%emt 0:00:07]} 7. Nde2 {[%emt 0:00:02]} h5 {[%emt 0:00:06]} 8. g3 {[%emt 0:00:10]} Be7 {[%emt 0:00:19]} 9. Bg2 {[%emt 0:00:02]} Nbd7 {[%emt 0:00:22]} 10. a4 {[%emt 0:00:28]} b6 {[%emt 0:00:07]} 11. O-O {[%emt 0:00:05]} Bb7 {[%emt 0:00:02]} 12. Nd5 {[%emt 0:00:31]} Nxd5 {[%emt 0:00:21]} 13. exd5 {[%emt 0:00:02]} h4 {[%emt 0:00:19]} 14. g4 {[%emt 0:00:11]} Bg5 {[%emt 0:00:43]} 15. c4 {[%emt 0:00:10]} a5 {[%emt 0:00:40]} 16. Nc3 {[%emt 0:00:06]} Bxc1 {[%emt 0:00:24]} 17. Qxc1 {[%emt 0:00:23]} O-O {[%emt 0:00:11]} 18. f4 {[%emt 0:02:01]} Rc8 {[%emt 0:00:53]} 19. Nb5 {[%emt 0:00:57]} Nc5 {[%emt 0:00:48]} 20. fxe5 {[%emt 0:00:55]} Nd3 {[%emt 0:02:01]} 21. Qd2 {[%emt 0:00:58]} Nxe5 {[%emt 0:00:06]} 22. b3 {[%emt 0:00:02]} Rc5 {[%emt 0:02:19]} 23. Nd4 {[%emt 0:00:27]} Bc8 {[%emt 0:01:18]} 24. Rae1 {[%emt 0:00:03]} Bd7 {[%emt 0:00:39]} 25. Be4 {[%emt 0:00:26]} Rc7 {[%emt 0:01:34]} 26. Bf5 {[%emt 0:00:56]} Be8 {[%emt 0:00:04]} 27. Qf4 {[%emt 0:00:31]} g6 {[%emt 0:00:55]} 28. Qh6 {[%emt 0:01:35]} Qf6 {[%emt 0:01:06]} 29. Ne6 {[%emt 0:00:48]} Nd7 {[%emt 0:01:17]} 30. Nxf8 {[%emt 0:00:09]} gxf5 {[%emt 0:00:03]} 31. Qxf6 {[%emt 0:00:58]} Nxf6 {[%emt 0:00:01]} 32. g5 {[%emt 0:00:01]} Ne4 {[%emt 0:01:42]} 33. Rxf5 {[%emt 0:00:06]} Bxa4 {[%emt 0:01:17]} 34. Rxe4 {[%emt 0:00:15]} Bxb3 {[%emt 0:00:04]} 35. Re8 {[%emt 0:00:04]} Kg7 {[%emt 0:00:03]} 36. g6 {[%emt 0:01:45]} Bxc4 {[%emt 0:00:08]} 37. Rh5 {[%emt 0:00:31]} Bd3 {[%emt 0:00:47]} 38. Ne6+ {[%emt 0:01:00]} Kxg6 {[%emt 0:00:07]} 39. Nf4+ {[%emt 0:00:01]} 1-0

[Event "RUS-chT Men Rapid 2019"]
[Site "Sochi"]
[Date "2019.10.19"]
[Round "7.18"]
[White "Bryakin, Mikhail"]
[Black "Vakhlamov, Igor L."]
[Result "1/2-1/2"]
[WhiteElo "2440"]
[BlackElo "2413"]
[Annotator "NA"]
[PlyCount "25"]
[EventDate "2019.10.18"]
[EventType "swiss"]
[EventCountry "RUS"]
[SourceTitle "playchess.com"]
[Source "ChessBase"]
[SourceQuality "1"]
[TimeControl "900+10"]

1. d4 {[%emt 0:00:00]} Nf6 {[%emt 0:00:00]} 2. c4 {[%emt 0:00:00]} e6 {[%emt 0:00:00]} 3. g3 {[%emt 0:00:00]} d5 {[%emt 0:00:00]} 4. Bg2 {[%emt 0:00:00]} Bb4+ {[%emt 0:00:00]} 5. Bd2 {[%emt 0:00:00]} Be7 {[%emt 0:00:00]} 6. Qc2 {[%emt 0:00:02]} O-O {[%emt 0:00:03]} 7. Nf3 {[%emt 0:00:02]} Nbd7 {[%emt 0:00:01]} 8. a4 {[%emt 0:00:18]} a5 {[%emt 0:00:31]} 9. Na3 {[%emt 0:00:04]} Ne4 {[%emt 0:01:08]} 10. O-O {[%emt 0:00:05]} c6 {[%emt 0:00:36]} 11. Bf4 {[%emt 0:00:02]} f5 {[%emt 0:02:17]} 12. Qc1 {[%emt 0:00:25]} g5 {[%emt 0:01:45]} 13. Be3 {[%emt 0:00:02]} 1/2-1/2

[Event "RUS-chT Men Rapid 2019"]
[Site "Sochi"]
[Date "2019.10.19"]
[Round "7.19"]
[White "Tsoi, Dmitry"]
[Black "Golubov, Saveliy"]
[Result "1/2-1/2"]
[WhiteElo "2329"]
[BlackElo "2469"]
[Annotator "TA"]
[PlyCount "32"]
[EventDate "2019.10.18"]
[EventType "swiss"]
[EventCountry "RUS"]
[SourceTitle "playchess.com"]
[Source "ChessBase"]
[SourceQuality "1"]

{[%evp 14,32,0,0,-3,-13,2,-8,0,0,0,0,0,0,0,5,26,0,0,0,0]} 1. f4 d5 2. Nf3 g6 3. e3 Bg7 4. d4 Nf6 5. Bd3 O-O 6. O-O c5 7. c3 b6 8. Qe2 Bb7 {A03: Bird's Opening with 1...d5} 9. a4 (9. Bd2 Qc8 10. Be1 Ba6 11. Bh4 Bxd3 12. Qxd3 Qa6 13. Qxa6 Nxa6 14. Nbd2 e6 15. Ne5 Rfc8 16. Bxf6 Bxf6 17. g4 {0-1 (79) Berkes,F (2649)-Blomqvist,E (2515) Cappelle-la-Grande 2016}) 9... Nbd7 10. Nbd2 Rc8 $146 ({Predecessor:} 10... Qc7 11. Ne5 Ne8 12. a5 Rd8 13. h4 Nxe5 14. fxe5 f6 15. axb6 axb6 16. h5 fxe5 17. hxg6 Rxf1+ 18. Nxf1 {1-0 (34) Schmidt Schaeffer,S (2373)-Natsidis,C (2335) Germany 2018}) 11. Ne5 Nxe5 12. fxe5 Ne4 13. Nxe4 dxe4 14. Bc4 Bd5 {[#] aiming for ...cxd4.} 15. Bxd5 Qxd5 16. a5 f6 1/2-1/2

[Event "RUS-chT Men Rapid 2019"]
[Site "Sochi"]
[Date "2019.10.19"]
[Round "7.20"]
[White "Apryshko, Gleb"]
[Black "Frolov, Aleksey G."]
[Result "1-0"]
[WhiteElo "2382"]
[BlackElo "2093"]
[Annotator "NA"]
[PlyCount "135"]
[EventDate "2019.10.18"]
[EventType "swiss"]
[EventCountry "RUS"]
[SourceTitle "playchess.com"]
[Source "ChessBase"]
[SourceQuality "1"]
[TimeControl "900+10"]

1. g3 {[%emt 0:00:00]} Nf6 {[%emt 0:00:00]} 2. Bg2 {[%emt 0:00:00]} g6 {[%emt 0:00:00]} 3. c4 {[%emt 0:00:15]} d5 {[%emt 0:00:14]} 4. cxd5 {[%emt 0:00:36]} Nxd5 {[%emt 0:00:02]} 5. Qb3 {[%emt 0:00:30]} Nb6 {[%emt 0:00:15]} 6. Qc3 {[%emt 0:00:02]} f6 {[%emt 0:00:03]} 7. h4 {[%emt 0:00:07]} e5 {[%emt 0:02:06]} 8. h5 {[%emt 0:00:58]} g5 {[%emt 0:00:28]} 9. d3 {[%emt 0:00:26]} a5 {[%emt 0:00:40]} 10. Nd2 {[%emt 0:00:03]} Be6 {[%emt 0:01:04]} 11. Bxb7 {[%emt 0:00:29]} Nd5 {[%emt 0:00:32]} 12. Qc2 {[%emt 0:02:27]} Ra7 {[%emt 0:00:31]} 13. Bxd5 {[%emt 0:01:02]} Qxd5 {[%emt 0:01:00]} 14. e4 {[%emt 0:00:17]} Qd7 {[%emt 0:00:17]} 15. Ne2 {[%emt 0:00:15]} Na6 {[%emt 0:01:26]} 16. a3 {[%emt 0:01:55]} Nc5 {[%emt 0:00:10]} 17. O-O {[%emt 0:00:01]} Qxd3 18. Qxd3 {[%emt 0:00:01]} Nxd3 {[%emt 0:01:42]} 19. Nc3 {[%emt 0:00:01]} Bh3 {[%emt 0:01:31]} 20. Rd1 {[%emt 0:00:00]} Bc5 {[%emt 0:00:10]} 21. Nb3 {[%emt 0:00:01]} Bxf2+ {[%emt 0:00:02]} 22. Kh2 {[%emt 0:00:02]} Nxc1 {[%emt 0:00:03]} 23. Raxc1 {[%emt 0:00:16]} Be6 {[%emt 0:00:04]} 24. Rf1 {[%emt 0:06:35]} Be3 {[%emt 0:01:12]} 25. Rce1 {[%emt 0:00:03]} Bb6 {[%emt 0:00:05]} 26. Nd5 {[%emt 0:00:06]} Bxd5 {[%emt 0:00:32]} 27. exd5 {[%emt 0:00:01]} Ke7 {[%emt 0:00:03]} 28. Nd2 {[%emt 0:00:07]} Raa8 {[%emt 0:00:24]} 29. Ne4 {[%emt 0:00:25]} Rhf8 {[%emt 0:00:05]} 30. g4 {[%emt 0:01:55]} Bd4 {[%emt 0:00:06]} 31. Rc1 {[%emt 0:00:08]} Ra7 {[%emt 0:00:55]} 32. Rc6 {[%emt 0:00:20]} Rb7 {[%emt 0:00:24]} 33. Re6+ {[%emt 0:00:04]} Kd7 {[%emt 0:00:09]} 34. Rfxf6 {[%emt 0:00:49]} Rxb2+ {[%emt 0:00:02]} 35. Kh1 {[%emt 0:00:04]} Rb1+ {[%emt 0:00:23]} 36. Kg2 {[%emt 0:00:06]} Rb2+ {[%emt 0:00:03]} 37. Kf1 {[%emt 0:00:03]} Rxf6+ {[%emt 0:00:42]} 38. Nxf6+ {[%emt 0:00:02]} Kc8 {[%emt 0:00:01]} 39. Nxh7 {[%emt 0:00:18]} Rf2+ {[%emt 0:01:13]} 40. Ke1 {[%emt 0:00:00]} Rg2 {[%emt 0:00:09]} 41. h6 {[%emt 0:00:30]} Rxg4 {[%emt 0:01:11]} 42. Nf6 {[%emt 0:00:03]} Rh4 {[%emt 0:00:02]} 43. h7 {[%emt 0:00:22]} e4 {[%emt 0:00:01]} 44. Re8+ {[%emt 0:00:01]} Kb7 {[%emt 0:00:01]} 45. h8=Q {[%emt 0:00:04]} Rxh8 {[%emt 0:00:02]} 46. Rxh8 {[%emt 0:00:01]} Bxf6 {[%emt 0:00:01]} 47. Rh6 {[%emt 0:00:37]} Be7 {[%emt 0:00:34]} 48. a4 {[%emt 0:00:04]} Bd6 {[%emt 0:00:04]} 49. Ke2 {[%emt 0:00:22]} g4 {[%emt 0:00:13]} 50. Rh4 {[%emt 0:00:13]} g3 {[%emt 0:00:05]} 51. Rxe4 {[%emt 0:00:06]} Kb6 {[%emt 0:00:01]} 52. Rc4 {[%emt 0:00:03]} Kb7 {[%emt 0:00:51]} 53. Rc6 {[%emt 0:00:11]} Bb4 {[%emt 0:00:11]} 54. Kf3 {[%emt 0:00:01]} Be1 {[%emt 0:00:02]} 55. Rg6 {[%emt 0:00:15]} Bf2 {[%emt 0:00:15]} 56. Ke4 {[%emt 0:00:06]} Be1 {[%emt 0:00:30]} 57. Kd3 {[%emt 0:00:11]} Kc8 {[%emt 0:00:41]} 58. Rg7 {[%emt 0:00:01]} Kd8 {[%emt 0:00:07]} 59. Kc4 {[%emt 0:00:01]} Bf2 {[%emt 0:00:18]} 60. Kb5 {[%emt 0:00:10]} Bb6 {[%emt 0:00:39]} 61. Kc6 {[%emt 0:00:19]} Bf2 {[%emt 0:00:09]} 62. Rg8+ {[%emt 0:00:16]} Ke7 {[%emt 0:00:01]} 63. Kxc7 {[%emt 0:00:01]} Bc5 {[%emt 0:00:09]} 64. Rg7+ {[%emt 0:00:03]} Kf6 {[%emt 0:00:04]} 65. Rxg3 {[%emt 0:00:03]} Ke5 {[%emt 0:00:01]} 66. Kc6 {[%emt 0:00:04]} Bb4 {[%emt 0:00:01]} 67. Rd3 {[%emt 0:00:05]} Ke4 {[%emt 0:00:05]} 68. Rd1 {[%emt 0:00:01] Kxd5+} 1-0

[Event "RUS-chT Men Rapid 2019"]
[Site "Sochi"]
[Date "2019.10.19"]
[Round "7.21"]
[White "Shcherbin, Matvei"]
[Black "Tsydypov, Zhamsaran"]
[Result "0-1"]
[WhiteElo "2366"]
[BlackElo "2553"]
[Annotator "RC"]
[PlyCount "90"]
[EventDate "2019.10.18"]
[EventType "swiss"]
[EventCountry "RUS"]
[SourceTitle "playchess.com"]
[Source "ChessBase"]
[SourceQuality "1"]
[TimeControl "900+10"]

1. e4 {[%emt 0:00:00]} c5 {[%emt 0:00:00]} 2. c3 {[%emt 0:00:00]} Nf6 {[%emt 0:00:42]} 3. e5 {[%emt 0:00:00]} Nd5 {[%emt 0:00:01]} 4. d4 {[%emt 0:00:00]} cxd4 {[%emt 0:00:09]} 5. Nf3 {[%emt 0:00:00]} e6 {[%emt 0:00:15]} 6. cxd4 {[%emt 0:00:00]} b6 {[%emt 0:00:01]} 7. Nc3 {[%emt 0:00:12]} Bb7 {[%emt 0:00:02]} 8. Bd3 {[%emt 0:00:18]} Nxc3 {[%emt 0:00:58]} 9. bxc3 {[%emt 0:00:02]} Be7 {[%emt 0:00:36]} 10. O-O {[%emt 0:00:37]} O-O {[%emt 0:00:05]} 11. Bf4 {[%emt 0:00:17]} d6 {[%emt 0:00:38]} 12. exd6 {[%emt 0:00:27]} Bxd6 {[%emt 0:00:01]} 13. Bxh7+ {[%emt 0:04:20]} Kxh7 {[%emt 0:00:16]} 14. Ng5+ {[%emt 0:00:01]} Kg6 {[%emt 0:03:06]} 15. Qg4 {[%emt 0:00:26]} f5 {[%emt 0:00:29]} 16. Qe2 {[%emt 0:02:28]} Bxf4 {[%emt 0:00:06]} 17. Nxe6 {[%emt 0:00:02]} Qd6 {[%emt 0:02:47]} 18. g3 {[%emt 0:01:58]} Bh6 {[%emt 0:00:18]} 19. Nxf8+ {[%emt 0:00:04]} Qxf8 {[%emt 0:00:02]} 20. Qe6+ {[%emt 0:00:01]} Qf6 {[%emt 0:00:32]} 21. Qb3 {[%emt 0:00:56]} Nc6 {[%emt 0:01:09]} 22. Rae1 {[%emt 0:00:26]} Na5 {[%emt 0:00:01]} 23. Qd1 {[%emt 0:01:00]} Ba6 {[%emt 0:00:45]} 24. d5 {[%emt 0:00:02]} Bxf1 {[%emt 0:00:02]} 25. Re6 {[%emt 0:00:02]} Bc4 {[%emt 0:00:06]} 26. Rxf6+ {[%emt 0:00:11]} gxf6 {[%emt 0:00:04]} 27. g4 {[%emt 0:00:21]} Rd8 {[%emt 0:00:20]} 28. gxf5+ {[%emt 0:00:04]} Kh7 {[%emt 0:00:02]} 29. d6 {[%emt 0:02:07]} Nc6 {[%emt 0:01:15]} 30. f4 {[%emt 0:00:49]} Bf7 {[%emt 0:00:06]} 31. Kf2 {[%emt 0:00:13]} Bf8 {[%emt 0:00:06]} 32. d7 {[%emt 0:00:11]} Nb8 {[%emt 0:00:05]} 33. Qg4 {[%emt 0:02:05]} Nxd7 {[%emt 0:00:05]} 34. Qd1 {[%emt 0:00:10]} Bc5+ {[%emt 0:00:11]} 35. Kf1 {[%emt 0:00:03]} Bc4+ {[%emt 0:00:11]} 36. Kg2 {[%emt 0:00:05]} Rg8+ {[%emt 0:00:10]} 37. Kh3 {[%emt 0:00:01]} Rg7 {[%emt 0:00:03]} 38. Qh5+ {[%emt 0:00:34]} Kg8 {[%emt 0:00:01]} 39. Qf3 {[%emt 0:00:02]} Bxa2 {[%emt 0:00:16]} 40. Qa8+ {[%emt 0:00:47]} Nf8 {[%emt 0:00:06]} 41. Qc6 {[%emt 0:00:01]} Bc4 {[%emt 0:00:06]} 42. Qxf6 {[%emt 0:00:25]} Bf1+ {[%emt 0:00:01]} 43. Kh4 {[%emt 0:00:01]} Bf2+ {[%emt 0:00:02]} 44. Kh5 {[%emt 0:00:01]} Rh7+ {[%emt 0:00:01]} 45. Kg4 {[%emt 0:00:04]} Be2+ {[%emt 0:00:02]} 0-1

[Event "RUS-chT Men Rapid 2019"]
[Site "Sochi"]
[Date "2019.10.19"]
[Round "7.22"]
[White "Triapishko, Alexandr"]
[Black "Eraschenkov, Denis"]
[Result "1-0"]
[WhiteElo "2514"]
[BlackElo "2382"]
[Annotator "TA"]
[PlyCount "65"]
[EventDate "2019.10.18"]
[EventType "swiss"]
[EventCountry "RUS"]
[SourceTitle "playchess.com"]
[Source "ChessBase"]
[SourceQuality "1"]

{[%evp 10,65,0,0,37,50,77,75,193,142,208,163,214,162,152,143,180,133,151,111,125,124,178,170,199,186,262,256,240,245,274,266,270,251,249,254,331,282,289,218,304,319,318,316,314,313,364,273,262,267,715,715,695,698,635,389,820,814]} 1. Nf3 Nf6 2. g3 d5 3. Bg2 Bf5 4. c4 c6 5. cxd5 cxd5 6. Qb3 Qc8 {A11: English Opening: 1...c6} (6... Nc6 7. Qxb7 Bd7 8. Qb3 e5 9. O-O e4 10. Ne1 Rb8 11. Qd1 h5 12. d3 h4 13. Bf4 hxg3 14. Bxg3 {½-½ (23) Artemiev,V (2697)-Petrosian,T (2589) Moscow 2018}) 7. Nc3 Nc6 8. Nxd5 Ne4 $146 (8... Nxd5 $16 9. Qxd5 e6) ({Predecessor:} 8... Nxd5 9. Qxd5 e6 10. Qb5 a6 11. Qa4 b5 12. Qf4 Nb4 13. Nd4 Bc5 14. Nxf5 Nc2+ 15. Kd1 Nxa1 16. Nxg7+ Kf8 17. Qf6 Kg8 18. Nxe6 Qxe6 19. Qxe6 fxe6 20. Bxa8 Kf7 21. Be4 {1-0 (21) Dizdar,G (2551)-Martin Alvarez,I (2212) Kallithea 2008}) 9. O-O ({White should play} 9. d3 $18 Nc5 10. Qc4) 9... Qd7 (9... Be6 $16) 10. Nc3 Nc5 (10... e6 $142 11. d3 Nxc3 12. bxc3 (12. Qxc3 f6 $16) 12... Bd6) 11. Qd5 Qxd5 12. Nxd5 {[#] Black must now prevent Nc7+.} Rd8 13. Nc3 e5 14. d3 f6 15. Be3 a6 (15... Kf7 $16 {keeps fighting.} 16. Rad1 Be6) 16. Rac1 Be6 17. Nd2 Nd4 (17... Bg4 {is a better defense.} 18. f3 Be6) 18. b4 $18 Nd7 19. a3 ({Don't take} 19. Bxb7 $6 Bxb4 20. Bxd4 exd4 $16) 19... b5 20. Bxd4 exd4 21. Nd5 Bxd5 22. Bxd5 Ne5 23. Bc6+ Kf7 24. Nf3 Rd6 25. Nxe5+ fxe5 26. f4 exf4 27. Rxf4+ Ke7 28. Re4+ Re6 29. Rxd4 g6 $2 {[#]} (29... Rd6) 30. Rd7+ Kf6 31. Rf1+ Kg5 32. Be4 Bd6 $2 (32... h5 33. Rff7 Kh6) 33. Bd5 {Accuracy: White = 49%, Black = 15%.} 1-0